Management of procurement (Record no. 103035)
[ view plain ]
| 000 -LEADER | |
|---|---|
| fixed length control field | 01707cam a2200433 4500 |
| 008 - FIXED-LENGTH DATA ELEMENTS--GENERAL INFORMATION | |
| fixed length control field | 030901n2003 000 0 eng u |
| 020 ## - INTERNATIONAL STANDARD BOOK NUMBER | |
| International Standard Book Number | 0727732218 |
| 035 ## - SYSTEM CONTROL NUMBER | |
| System control number | (Sirsi) u123424 |
| 041 ## - LANGUAGE CODE | |
| Language code of text/sound track or separate title | eng |
| 050 ## - LIBRARY OF CONGRESS CALL NUMBER | |
| Classification number | 658.99 |
| -- | 18 |
| 245 ## - TITLE STATEMENT | |
| Title | Management of procurement |
| 260 ## - PUBLICATION, DISTRIBUTION, ETC. | |
| Place of publication, distribution, etc. | London |
| Name of publisher, distributor, etc. | Thomas Telford |
| Date of publication, distribution, etc. | 2003 |
| 300 ## - PHYSICAL DESCRIPTION | |
| Extent | xix, 260p. |
| Dimensions | 24cm. |
| 350 ## - PRICE (NR) (BK AM CF MU VM SE) [OBSOLETE] | |
| Price | 25 |
| 490 ## - SERIES STATEMENT | |
| Series statement | Thomas Telford Construction Management Series |
| 520 ## - SUMMARY, ETC. | |
| Summary, etc. | Aimed at both practitioners and academics, this text explains the theory and practice of procurement and offers guidance on how the process of procurement should be undertaken. Looks at: the role of procurement in the construction industry; various contract issues and strategies; procuring the services of a project manager; effective partnering; joint ventures; procurement strategies for privately financed projects; framework agreements; innovative procurement methods; procurement through programme management; and future trends. |
| 650 ## - SUBJECT ADDED ENTRY--TOPICAL TERM | |
| Topical term or geographic name entry element | PROCUREMENT METHODS |
| 650 ## - SUBJECT ADDED ENTRY--TOPICAL TERM | |
| Topical term or geographic name entry element | CONSTRUCTION PROJECTS |
| 650 ## - SUBJECT ADDED ENTRY--TOPICAL TERM | |
| Topical term or geographic name entry element | CONTRACT STRATEGIES |
| 650 ## - SUBJECT ADDED ENTRY--TOPICAL TERM | |
| Topical term or geographic name entry element | CONSTRUCTION MANAGEMENT |
| 9 (RLIN) | 6230 |
| 650 ## - SUBJECT ADDED ENTRY--TOPICAL TERM | |
| Topical term or geographic name entry element | BUILT ENVIRONMENT-BUILDING CONTRACT FORMS |
| 650 ## - SUBJECT ADDED ENTRY--TOPICAL TERM | |
| Topical term or geographic name entry element | PARTNERING |
| 650 ## - SUBJECT ADDED ENTRY--TOPICAL TERM | |
| Topical term or geographic name entry element | JOINT VENTURES |
| 650 ## - SUBJECT ADDED ENTRY--TOPICAL TERM | |
| Topical term or geographic name entry element | FRAMEWORK AGREEMENTS |
| 690 ## - LOCAL SUBJECT ADDED ENTRY--TOPICAL TERM (OCLC, RLIN) | |
| Topical term or geographic name as entry element | Procurement |
| 9 (RLIN) | 6260 |
| 700 ## - ADDED ENTRY--PERSONAL NAME | |
| Personal name | Bower, Denise |
| International Standard Serial Number | Editor |
| 700 ## - ADDED ENTRY--PERSONAL NAME | |
| Personal name | Davies, Edward |
| 700 ## - ADDED ENTRY--PERSONAL NAME | |
| Personal name | Garthwhite, Paul |
| 700 ## - ADDED ENTRY--PERSONAL NAME | |
| Personal name | Graham, Martin |
| 700 ## - ADDED ENTRY--PERSONAL NAME | |
| Personal name | Hallam, Chris |
| 700 ## - ADDED ENTRY--PERSONAL NAME | |
| Personal name | Benjamin, Joyce |
| 700 ## - ADDED ENTRY--PERSONAL NAME | |
| Personal name | Male, Steven |
| 700 ## - ADDED ENTRY--PERSONAL NAME | |
| Personal name | Smith, Nigel J. |
| 700 ## - ADDED ENTRY--PERSONAL NAME | |
| Personal name | Spring, Phil |
| 700 ## - ADDED ENTRY--PERSONAL NAME | |
| Personal name | Wearne, Stephen |
| 700 ## - ADDED ENTRY--PERSONAL NAME | |
| Personal name | White, George |
| 700 ## - ADDED ENTRY--PERSONAL NAME | |
| Personal name | Wright, David |
| 942 ## - ADDED ENTRY ELEMENTS (KOHA) | |
| Suppress in OPAC | 0 |
| Withdrawn status | Lost status | Source of classification or shelving scheme | Damaged status | Not for loan | Home library | Current library | Shelving location | Date acquired | Cost, normal purchase price | Total Checkouts | Full call number | Barcode | Date last seen | Date last checked out | Copy number | Cost, replacement price | Price effective from | Koha item type |
|---|---|---|---|---|---|---|---|---|---|---|---|---|---|---|---|---|---|---|
| Other/Generic Classification Scheme | London | London | Books | 16/02/2005 | 25.00 | 24 | 658.99 BOW | 30062767 | 06/08/2019 | 04/08/2015 | 2 | 25.00 | 06/08/2019 | Book |